000 00506nam a2200181Ia 4500
005 20250508161710.0
008 008 250505s9999 xx 000 0 eng d
037 _aTextual
040 _aFEDL
_beng
_cFEDL
041 _aeng
_2eng
084 _a362.3, SCH
_qFEDL
100 _aSchreiber Meyer
_9771386
245 0 _aSocial work and mental retardation
260 _aNew York, USA
_bThe John Day Company
_c1970
300 _a758p.
942 _cTEXL
_h362.3, SCH
999 _c1371612
_d1371612